[Event "Kieler Open 2019-A"]
[Site "Kiel"]
[Date "2019.07.31"]
[Round "7.17"]
[White "Petri, Alexander"]
[Black "Röhr, Oliver"]
[Result "1/2-1/2"]
[WhiteElo "2146"]
[BlackElo "1948"]
[Annotator "ER"]
[PlyCount "132"]
[EventDate "2019.??.??"]
[WhiteTeam "SK Doppelbauer Kiel"]
[BlackTeam "SG Aufbau Elbe Magdeburg"]

1. d4 Nf6 2. Nf3 e6 3. c4 b6 4. g3 Ba6 5. b3 Bb4+ 6. Bd2 Bxd2+ 7. Nbxd2 Bb7 8.
Bg2 c5 9. O-O cxd4 10. Nxd4 Bxg2 11. Kxg2 d5 12. Rc1 O-O 13. e3 Qd7 14. N2f3
Nc6 15. Nxc6 Qxc6 16. Ne5 Qb7 17. cxd5 Qxd5+ 18. Qxd5 Nxd5 19. Nc6 f5 20. Rfd1
Kf7 21. Rd3 Rac8 22. a3 Kf6 23. b4 Ne7 24. Rd6 Nxc6 25. Rcxc6 Rxc6 26. Rxc6 Rd8
27. Rc7 a5 28. bxa5 bxa5 29. Ra7 Rd5 30. h4 h5 31. Kf3 Rc5 32. Ke2 Rd5 33. a4
e5 34. Ra6+ Kf7 35. f3 g6 36. e4 fxe4 37. fxe4 Rd4 38. Rxa5 Rxe4+ 39. Kf3 Re1
40. Ra8 Kg7 41. a5 Ra1 42. Ke4 Re1+ 43. Kd5 Re3 44. a6 Rxg3 45. Kxe5 g5 46. Rb8
Ra3 47. Rb7+ Kg6 48. Rb6+ Kg7 49. hxg5 h4 50. Kf5 Ra5+ 51. Kg4 Ra4+ 52. Kf5
Ra5+ 53. Kg4 Ra4+ 54. Kh5 h3 55. Rb7+ Kg8 56. Rb8+ Kg7 57. Rb7+ Kg8 58. Kh6
Rxa6+ 59. g6 Ra8 60. Rg7+ Kh8 61. Rh7+ Kg8 62. Rg7+ Kh8 63. Rh7+ Kg8 64. Kg5
Ra5+ 65. Kg4 Ra6 66. Kg5 Ra5+ 1/2-1/2

[Event "Kieler Open 2019-A"]
[Site "Kiel"]
[Date "2019.07.31"]
[Round "7.18"]
[White "Boyens, Birger"]
[Black "Hartwig, Frank"]
[Result "1-0"]
[WhiteElo "1918"]
[BlackElo "2059"]
[Annotator "ER"]
[PlyCount "81"]
[EventDate "2019.??.??"]
[WhiteTeam "Husumer SV von 1898"]
[BlackTeam "SC Schönberg"]

1. e4 d6 2. d4 e5 3. Nf3 exd4 4. Nxd4 Nf6 5. Nc3 Be7 6. f3 Nc6 7. Be3 Bd7 8.
Qd2 a6 9. g4 Nxd4 10. Bxd4 c5 11. Be3 Bc6 12. O-O-O h6 13. Qg2 Qa5 14. Kb1
O-O-O 15. Bc4 Rdf8 16. Bf4 Ne8 17. Rd2 Bf6 18. Nd1 Qb4 19. Bd5 g5 20. Bg3 c4
21. Bxc6 bxc6 22. c3 Qc5 23. Bf2 Qb5 24. Bd4 Bxd4 25. Rxd4 Nc7 26. Ne3 d5 27.
Nf5 Rd8 28. Qg3 Qc5 29. Qe5 Rhe8 30. Qf6 Ne6 31. Rd2 dxe4 32. Rxd8+ Rxd8 33.
Qxf7 Nf4 34. Ne7+ Kb8 35. Qf6 Qd6 36. Nxc6+ Kc7 37. Qxd8+ Kxc6 38. Qxd6+ Kxd6
39. fxe4 Ke5 40. Rd1 Kxe4 41. Rd6 1-0

[Event "Kieler Open 2019-A"]
[Site "Kiel"]
[Date "2019.07.31"]
[Round "7.19"]
[White "Rosenburg, Hauke"]
[Black "Kröncke, Manfred"]
[Result "0-1"]
[WhiteElo "1925"]
[BlackElo "2047"]
[Annotator "ER"]
[PlyCount "82"]
[EventDate "2019.??.??"]
[WhiteTeam "SF Burg von 1966"]
[BlackTeam "SG Glückstadt von 1920"]

1. c4 e6 2. Nc3 d5 3. cxd5 exd5 4. d4 c6 5. Nf3 Bf5 6. Bf4 Bd6 7. Bxd6 Qxd6 8.
e3 Nd7 9. Bd3 Bxd3 10. Qxd3 Ngf6 11. O-O O-O 12. Nd2 Ng4 13. Nf3 Rfe8 14. h3
Ngf6 15. Rfc1 Ne4 16. Nd2 f5 17. f3 Nxd2 18. Qxd2 Qh6 19. Re1 Re6 20. Re2 Rae8
21. Rae1 Nf6 22. Qd3 Nh5 23. Kh2 {(=)} Qg5 24. g4 f4 25. e4 Ng3 26. exd5 Rxe2+
27. Nxe2 Re3 28. Qc4 Qxd5 29. Qxd5+ cxd5 30. Nxf4 Rxe1 31. Kxg3 Rd1 32. Nxd5
Rxd4 33. Ne7+ Kf7 34. Nc8 a6 35. f4 Ke6 36. f5+ Kd7 37. Nb6+ Kc7 38. Na8+ Kc6
39. g5 Rd8 40. Nb6 Kxb6 41. Kf4 Kc6 0-1

[Event "Kieler Open 2019-A"]
[Site "Kiel"]
[Date "2019.07.31"]
[Round "7.20"]
[White "Jurkic, Bosiljko"]
[Black "Glinzner, Alva"]
[Result "1-0"]
[WhiteElo "2046"]
[BlackElo "1941"]
[Annotator "ER"]
[PlyCount "85"]
[EventDate "2019.??.??"]
[WhiteTeam "SC Blauer Turm Bad Wimpfen"]
[BlackTeam "Lübecker SV"]

1. e4 c6 2. d3 d5 3. Nd2 dxe4 4. dxe4 Nf6 5. Ngf3 e6 6. Bd3 Nbd7 7. Nb3 Qc7 8.
O-O c5 9. Qe2 Bd6 10. Re1 Ng4 11. g3 O-O 12. c4 Nge5 13. Nxe5 Nxe5 14. Bc2 Nc6
15. Be3 b6 16. f4 e5 17. f5 Nd4 18. Nxd4 exd4 19. Bd2 f6 20. Rf1 Re8 21. Bf4
Bb7 22. Bxd6 Qxd6 23. Rae1 Re5 24. Bd3 {(=)} Rae8 25. Rf4 Qe7 26. Qf3 Bc6 27.
b3 a6 28. a4 Rb8 29. Ra1 Re8 30. Re1 Qb7 31. h4 b5 32. axb5 axb5 33. g4 h6 34.
g5 hxg5 35. hxg5 fxg5 36. Rg4 b4 37. Rxg5 Rf8 38. Re2 Qe7 39. Qg4 Rf7 40. Qh4
Qa7 41. Reg2 Qa1+ 42. Kh2 Ree7 43. Rh5 1-0

[Event "Kieler Open 2019-A"]
[Site "Kiel"]
[Date "2019.07.31"]
[Round "7.21"]
[White "Karlisch, Moritz"]
[Black "Köllner, Aaron Noah"]
[Result "0-1"]
[WhiteElo "1894"]
[BlackElo "2044"]
[Annotator "ER"]
[PlyCount "134"]
[EventDate "2019.??.??"]
[WhiteTeam "SK Doppelbauer Kiel"]
[BlackTeam "SG Bochum 1931"]

1. d4 d5 2. c4 c6 3. Nf3 Nf6 4. Qb3 Qb6 5. Nc3 Qxb3 6. axb3 Bf5 7. Bf4 Nbd7 8.
h3 Bc2 9. Nd2 e6 10. e3 Bb4 11. Rc1 Bg6 12. Be2 O-O 13. O-O Rfe8 14. Nf3 Ne4
15. Rfd1 Nxc3 16. bxc3 Ba3 17. Ra1 Bb2 18. Ra2 Bxc3 19. Nh4 Be4 20. f3 Bg6 21.
Nxg6 hxg6 22. cxd5 exd5 23. Kf2 f6 24. Bd3 Kf7 25. h4 a6 26. g4 Rh8 27. Bg3 Nf8
28. Bd6 Ne6 29. Rc1 Rad8 30. Bg3 Bb4 31. f4 Rc8 32. Ra4 Bd6 33. Kf3 Nf8 34. e4
dxe4+ 35. Bxe4 Re8 36. d5 c5 37. f5 Bxg3 38. Kxg3 gxf5 39. Bxf5 g6 40. Bb1 Re3+
41. Kf4 Rxb3 42. Ba2 Rb5 43. Re1 Rxh4 44. d6+ Kg7 45. Re7+ Kh6 46. Re8 g5+ 47.
Kf5 c4+ 48. Kxf6 Rxg4 49. Rxc4 Rxc4 50. Bxc4 Nh7+ 51. Ke7 Re5+ 52. Kd8 Rxe8+
53. Kxe8 Nf6+ 54. Ke7 Kg7 55. d7 Nxd7 56. Kxd7 g4 57. Kd6 g3 58. Bd5 b5 59. Ke5
b4 60. Kf4 Kf6 61. Kxg3 Ke5 62. Bb3 Kd4 63. Kf3 Kc3 64. Bd5 a5 65. Ke2 a4 66.
Kd1 Kb2 67. Kd2 a3 0-1

[Event "Kieler Open 2019-A"]
[Site "Kiel"]
[Date "2019.07.31"]
[Round "7.22"]
[White "Barten, Ralf"]
[Black "Lawrenz, Sebastian"]
[Result "1-0"]
[WhiteElo "2035"]
[BlackElo "1924"]
[Annotator "ER"]
[PlyCount "69"]
[EventDate "2019.??.??"]
[WhiteTeam "SW Remscheid"]
[BlackTeam "SC Zitadelle Spandau"]

1. c4 c5 2. g3 g6 3. Bg2 Bg7 4. Nc3 Nc6 5. Nf3 d6 6. e3 e5 7. d3 Nge7 8. Rb1
O-O 9. O-O Rb8 10. a3 a5 11. Ne1 Be6 12. Nc2 Qd7 13. b4 axb4 14. axb4 b6 15.
Nd5 Bh3 16. b5 Nxd5 17. bxc6 Nc3 18. cxd7 Nxd1 19. Bxh3 Nc3 20. Rb3 e4 21. d4
Ne2+ 22. Kh1 cxd4 23. exd4 Nxd4 24. Nxd4 Bxd4 25. Bh6 Rfd8 26. Bg5 f6 27. Be6+
Kf8 28. Bh6+ Ke7 29. Bd5 Kxd7 30. Bxe4 Re8 31. Bd5 Re5 32. Be3 Rxd5 33. cxd5
Bc5 34. Re1 Kc7 35. Kg2 1-0

[Event "Kieler Open 2019-A"]
[Site "Kiel"]
[Date "2019.07.31"]
[Round "7.23"]
[White "Papesch, Dennis"]
[Black "Callsen, Niklas"]
[Result "0-1"]
[WhiteElo "1880"]
[BlackElo "2033"]
[Annotator "ER"]
[PlyCount "68"]
[EventDate "2019.??.??"]
[WhiteTeam "Raisdorfer SG"]
[BlackTeam "Flensburger SK von 1876"]

1. c4 Nf6 2. g3 g6 3. Bg2 Bg7 4. Nc3 O-O 5. e4 c5 6. Nge2 Nc6 7. O-O d6 8. d3
Ne8 9. Rb1 Nc7 10. Be3 Ne6 11. a3 a5 12. Nd5 Ned4 13. Nxd4 Nxd4 14. b4 e6 15.
Nf4 axb4 16. axb4 Ra2 17. Re1 cxb4 18. Bxd4 Bxd4 19. Ne2 Qb6 20. Nxd4 Qxd4 21.
Re2 Ra3 22. Rd2 Bd7 23. Rxb4 Ra1 24. Rb1 Rfa8 25. Bf1 e5 26. Qb3 Rxb1 27. Qxb1
Ra1 28. Qc2 h5 29. h4 f5 30. Kg2 f4 31. gxf4 exf4 32. f3 Bh3+ 33. Kxh3 Qg1 34.
Bg2 Rf1 0-1

[Event "Kieler Open 2019-A"]
[Site "Kiel"]
[Date "2019.07.31"]
[Round "7.24"]
[White "Basey, Matthew"]
[Black "Meyer, Henrik"]
[Result "1/2-1/2"]
[WhiteElo "1852"]
[BlackElo "2007"]
[Annotator "ER"]
[PlyCount "67"]
[EventDate "2019.??.??"]
[WhiteTeam "Kieler SG"]
[BlackTeam "TuRa Harksheide"]

1. d4 Nf6 2. Nf3 g6 3. e3 Bg7 4. Be2 O-O 5. O-O d6 6. c4 Nbd7 7. Nc3 c5 8. b3
cxd4 9. exd4 a6 10. h3 b6 11. Be3 Bb7 12. Qd2 Re8 13. Rfd1 Rc8 14. Rac1 Rc7 15.
d5 Qa8 16. Nd4 Rec8 17. a4 Nc5 18. Bf3 e5 19. dxe6 Bxf3 20. exf7+ Rxf7 21. gxf3
Nh5 22. Nd5 Bxd4 23. Bxd4 Nxb3 24. Qg5 Nxc1 25. Rxc1 Re8 26. Rb1 Qc8 27. Rxb6
Qxh3 28. Be3 Qxf3 29. Rxd6 Re4 30. Rd8+ Rf8 31. Ne7+ Rxe7 32. Qxe7 Ng7 33. Rd7
Qf7 34. Qxf7+ 1/2-1/2

[Event "Kieler Open 2019-A"]
[Site "Kiel"]
[Date "2019.07.31"]
[Round "7.25"]
[White "Berenstein, Alexander"]
[Black "Sallandt, Frido"]
[Result "1/2-1/2"]
[WhiteElo "1972"]
[BlackElo "1680"]
[Annotator "ER"]
[PlyCount "126"]
[EventDate "2019.??.??"]
[WhiteTeam "SV VHS Rendsburg"]
[BlackTeam "SV Bad Schwartau"]

1. Nf3 Nf6 2. d4 g6 3. c4 Bg7 4. Nc3 d5 5. Bf4 O-O 6. e3 c5 7. h3 Qa5 8. Qb3
Nc6 9. cxd5 Nb4 10. Nd2 cxd4 11. Nc4 Qd8 12. exd4 Nfxd5 13. Nxd5 Nxd5 14. Be5
Nb6 15. Nxb6 Qxb6 16. Qxb6 axb6 17. a3 Be6 18. Rd1 Bxe5 19. dxe5 Rfd8 20. Be2
Rxd1+ 21. Kxd1 Bd5 22. Rg1 Rd8 23. Kc1 Rc8+ 24. Kd2 Kf8 25. Bd3 Ke8 {(=)} 26.
Ke3 Kd7 27. f4 f5 28. exf6 exf6 29. g4 Kd6 30. Kd4 Rg8 31. h4 h6 32. Rg3 g5 33.
hxg5 hxg5 34. fxg5 Rxg5 35. Bf5 Be6 36. Bxe6 Kxe6 37. Re3+ Kd6 38. Re4 f5 39.
gxf5 Rxf5 40. Kc4 Rc5+ 41. Kb4 Rf5 {(=)} 42. Rh4 Rg5 43. a4 Kc7 44. Kc4 Rf5 45.
b4 Rg5 46. Rh7+ Kb8 47. Rd7 b5+ 48. axb5 Ka7 49. Rd6 Rh5 50. Rd5 Rh1 51. b6+
Kxb6 52. Rd6+ Kc7 53. Rg6 Rh4+ 54. Kb5 Rh5+ 55. Ka4 Rh4 56. Ka5 Rh1 57. Rg7+
Kc8 58. b5 Rh6 59. Rg8+ Kd7 60. Rg5 Rf6 61. Rg7+ Kc8 62. Kb4 b6 63. Kc4 Rd6
1/2-1/2

[Event "Kieler Open 2019-A"]
[Site "Kiel"]
[Date "2019.07.31"]
[Round "7.26"]
[White "Omert, Oliver"]
[Black "Probst, Alexander"]
[Result "1/2-1/2"]
[WhiteElo "1815"]
[BlackElo "1969"]
[Annotator "ER"]
[PlyCount "45"]
[EventDate "2019.??.??"]
[WhiteTeam "SK Bebenhausen"]
[BlackTeam "SC Blauer Turm Bad Wimpfen"]

1. e4 e5 2. Nf3 Nf6 3. Nc3 Bb4 4. Nxe5 O-O 5. d4 d6 6. Nd3 Bxc3+ 7. bxc3 Nxe4
8. Bb2 Re8 9. Be2 Bg4 10. Bxg4 Nxc3+ 11. Be2 Nxd1 12. Rxd1 Qg5 13. Kf1 Nc6 14.
h4 Qa5 15. a3 Qa4 16. c3 Qc2 17. Bf3 Na5 18. g3 Nc4 19. Bc1 Qxc3 20. Kg2 Nxa3
21. h5 h6 22. Nf4 c6 23. Rd3 1/2-1/2

[Event "Kieler Open 2019-A"]
[Site "Kiel"]
[Date "2019.07.31"]
[Round "7.27"]
[White "Mieck, Jale"]
[Black "Rouditser, Benjamin"]
[Result "0-1"]
[WhiteElo "1964"]
[BlackElo "1815"]
[Annotator "ER"]
[PlyCount "120"]
[EventDate "2019.??.??"]
[WhiteTeam "Kiel"]
[BlackTeam "Lasker Steglitz"]

1. e4 c6 2. Nc3 d5 3. Nf3 Bg4 4. h3 Bxf3 5. Qxf3 Nf6 6. d3 e6 7. Bd2 dxe4 8.
dxe4 Nbd7 9. g4 Qc7 10. g5 Ne5 11. Qe2 Nfd7 12. f4 Ng6 13. f5 Qg3+ 14. Qf2
Qxf2+ 15. Kxf2 exf5 16. exf5 Ne7 17. Bd3 Nc5 18. f6 Nxd3+ 19. cxd3 gxf6 20.
gxf6 Nf5 21. Rhe1+ Kd7 22. Ne4 Rd8 23. Ng5 Bh6 24. Re5 Bxg5 25. Bxg5 Nd6 26.
Re7+ Kc8 27. Bf4 Rd7 28. Bxd6 Rxd6 29. Rxf7 Rd7 30. Rxd7 Kxd7 31. Re1 Re8 32.
Re4 Re6 33. Ke3 {(=)} Rxf6 34. Rg4 Rf7 35. h4 b5 36. b4 Re7+ 37. Kd4 Kd6 38.
Rf4 Kc7 39. h5 Kb6 40. Rf5 Re6 41. Kc3 a5 42. a3 a4 43. Kd4 h6 44. Re5 Rf6 45.
Ke4 Rf1 46. Re6 Re1+ 47. Kf5 Rd1 48. Re3 Rg1 49. Kf4 Ra1 50. d4 Rd1 51. Re6
Rxd4+ 52. Ke3 Rh4 53. Rxh6 Rh3+ 54. Kd4 Rxa3 55. Rh8 Rb3 56. h6 Rxb4+ 57. Kc3
Rh4 58. h7 Kc5 59. Kb2 Rh3 60. Ka2 b4 0-1

[Event "Kieler Open 2019-A"]
[Site "Kiel"]
[Date "2019.07.31"]
[Round "7.28"]
[White "Stegert, Jonas"]
[Black "Bernhardt, Gerd"]
[Result "0-1"]
[WhiteElo "1495"]
[BlackElo "2005"]
[Annotator "ER"]
[PlyCount "52"]
[EventDate "2019.??.??"]
[WhiteTeam "SC Agon Neumünster"]
[BlackTeam "Eckernförder SC"]

1. d4 Nf6 2. c4 e6 3. Nc3 Bb4 4. Qc2 c5 5. dxc5 Na6 6. Nf3 O-O 7. e3 Nxc5 8.
Be2 Nce4 9. Bd2 Nxd2 10. Nxd2 d5 11. cxd5 Nxd5 12. Nxd5 Qxd5 13. Bf3 Qa5 14. a3
Rd8 15. Rd1 Be7 16. O-O Rb8 17. Nb3 {(=)} Qg5 18. Qc7 Ra8 19. Bxb7 Bxb7 20.
Rxd8+ Rxd8 21. Qxb7 a5 22. Nd4 Bf8 23. g3 h5 24. Rc1 Rxd4 25. f4 Qd5 26. Qb6
Rd2 0-1

[Event "Kieler Open 2019-A"]
[Site "Kiel"]
[Date "2019.07.31"]
[Round "7.29"]
[White "Großelohmann, Gerhard"]
[Black "Rohmann, Volker"]
[Result "1/2-1/2"]
[WhiteElo "1999"]
[BlackElo "1752"]
[Annotator "ER"]
[PlyCount "142"]
[EventDate "2019.??.??"]
[WhiteTeam "Königsspr Braunschweig"]
[BlackTeam "SVG Friedrichsort"]

1. d4 d5 2. Nf3 c6 3. g3 Bf5 4. Bg2 Nf6 5. O-O e6 6. Nbd2 h6 7. Re1 Bd6 8. c4
O-O 9. b3 Nbd7 10. Bb2 Ne4 11. e3 Bh7 12. Qe2 Re8 13. Rac1 Rc8 14. Red1 Qe7 15.
Ne1 Nxd2 16. Qxd2 Nf6 17. c5 Bc7 18. Nd3 Ne4 19. Qe2 Ra8 20. f3 Nf6 21. Nf2 e5
22. Qd2 Rad8 23. Bf1 e4 24. f4 Bf5 25. b4 a6 26. Be2 Qd7 27. Bc3 Ng4 28. Bf1 h5
29. a4 Ra8 30. Rb1 Nxf2 31. Qxf2 Bg4 32. Rd2 Reb8 33. Rdb2 f6 34. b5 axb5 35.
axb5 Qc8 36. Rb3 Kh7 37. Qc2 Kh6 38. Qc1 Kh7 39. R1b2 Be6 40. Qb1 Kh6 41. Bg2
Bf5 42. Bd2 Kh7 43. Bf1 g6 44. Be2 Kh6 45. b6 Bd8 46. Ra2 Bg4 47. Bf1 Bf3 48.
Rba3 Rxa3 49. Rxa3 Be7 50. Qa2 Bd8 51. Ra7 Be7 52. Be1 Bf8 53. h3 Bg7 54. Kh2
g5 55. fxg5+ fxg5 56. g4 hxg4 57. Bg3 gxh3 58. Bxh3 g4 59. Bg2 Kg6 60. Bxb8
Qxb8+ 61. Kg1 Bh6 62. Qf2 g3 63. Qe1 Kf5 64. Ra3 Kg4 65. Qd2 Bg5 66. Ra2 Qh8
67. Kf1 Qh6 68. Ra3 Qf6 69. Kg1 Qh6 70. Kf1 Qf6 71. Kg1 Qh6 1/2-1/2

[Event "Kieler Open 2019-A"]
[Site "Kiel"]
[Date "2019.07.31"]
[Round "7.30"]
[White "Mohamed, Galal"]
[Black "Gehlsen, René"]
[Result "1-0"]
[WhiteElo "1833"]
[BlackElo "1715"]
[Annotator "ER"]
[PlyCount "61"]
[EventDate "2019.??.??"]
[WhiteTeam "VSF Flintbek"]
[BlackTeam "SV VHS Heide"]

1. d4 g6 2. Nf3 Bg7 3. c4 d6 4. Nc3 Nf6 5. Bg5 h6 6. Bh4 O-O 7. e3 Qe8 8. Be2
e5 9. O-O g5 10. Bg3 Nh5 11. Qc2 Nxg3 12. hxg3 f5 13. dxe5 dxe5 14. Rad1 Be6
15. b4 Qf7 16. Nd2 a5 17. b5 Nd7 18. a4 c6 19. Rb1 Bf6 20. bxc6 bxc6 21. Rb7
Be7 22. Nd5 cxd5 23. cxd5 Bxd5 24. Rxd7 Rfc8 25. Qb2 Qe6 26. Bb5 Bc6 27. Bc4
Qxc4 28. Nxc4 Bxd7 29. Nb6 Rab8 30. Qa2+ Kf8 31. Nxd7+ 1-0

[Event "Kieler Open 2019-A"]
[Site "Kiel"]
[Date "2019.07.31"]
[Round "7.31"]
[White "Koch, Ralf-Johannes"]
[Black "Priemer, Siegfried"]
[Result "0-1"]
[WhiteElo "1724"]
[BlackElo "1833"]
[Annotator "ER"]
[PlyCount "110"]
[EventDate "2019.??.??"]
[WhiteTeam "Eckernförder SC"]
[BlackTeam "SC Agon Neumünster"]

1. e4 d6 2. Nc3 Nf6 3. f4 g6 4. Nf3 Bg7 5. d4 O-O 6. Be3 Ng4 7. Bg1 e5 8. h3
exd4 9. Bxd4 Bxd4 10. Qxd4 Nc6 11. Qd2 Nf6 12. Bd3 a6 13. g4 b5 14. f5 Nd7 15.
Qh6 Qf6 16. g5 Qg7 17. Qh4 Nde5 18. Nxe5 Nxe5 19. O-O gxf5 20. exf5 f6 21. Be4
fxg5 22. Qg3 Rb8 23. Rf2 Bb7 24. Bxb7 Rxb7 25. Raf1 Nd7 26. Ne4 Nf6 27. Qb3+
Kh8 28. Ng3 Re8 29. Qf3 Rbb8 30. Nh5 Nxh5 31. Qxh5 Qf6 32. b3 Re5 33. Qg4 Rf8
34. Qd4 c5 35. Qg4 d5 36. Kh1 Re4 37. Qg3 Re5 38. Qg4 Rfe8 39. Qh5 Re4 40. Qf3
R8e5 41. Qg3 d4 42. Rf3 Re3 43. Kg2 Re2+ 44. R1f2 Rxf2+ 45. Qxf2 Qc6 46. Kh2
Qe4 47. f6 Kg8 48. f7+ Kf8 49. Qg3 Qxc2+ 50. Rf2 Qe4 51. Rf3 h5 52. Qg2 g4 53.
hxg4 hxg4 54. Rg3 Rh5+ 55. Kg1 Qe1+ 0-1

[Event "Kieler Open 2019-A"]
[Site "Kiel"]
[Date "2019.07.31"]
[Round "7.32"]
[White "Ortner, Jonas Ruben"]
[Black "Olde, Henning"]
[Result "0-1"]
[WhiteElo "1740"]
[BlackElo "1788"]
[Annotator "ER"]
[PlyCount "70"]
[EventDate "2019.??.??"]
[WhiteTeam "SK Bebenhausen"]
[BlackTeam "SK Kollmar"]

1. e4 c5 2. Nf3 Nc6 3. d4 cxd4 4. Nxd4 Nf6 5. Nc3 d6 6. Bg5 e6 7. Qd2 a6 8.
Nxc6 bxc6 9. e5 dxe5 10. Qxd8+ Kxd8 11. O-O-O+ Kc7 12. Be2 Nd5 13. Rd3 f6 14.
Bd2 Be7 15. Na4 a5 16. Rb3 Bd7 17. g3 c5 18. Bb5 c4 19. Bxd7 cxb3 20. c4 bxa2
21. Kc2 Kxd7 22. cxd5 Rhc8+ 23. Kd3 e4+ 24. Ke3 Rab8 25. Bxa5 Rb3+ 26. Bc3 Rc4
27. dxe6+ Kxe6 28. Ra1 Rxa4 29. h4 Bb4 30. h5 Bxc3 31. bxc3 Rb1 32. Rxa2 Rxa2
33. h6 g6 34. g4 Ke5 35. g5 Re1# 0-1

[Event "Kieler Open 2019-A"]
[Site "Kiel"]
[Date "2019.07.31"]
[Round "7.33"]
[White "Srimathi Raajesh"]
[Black "Hoppe, Marc"]
[Result "1-0"]
[WhiteElo "1832"]
[BlackElo "1644"]
[Annotator "ER"]
[PlyCount "43"]
[EventDate "2019.??.??"]
[WhiteTeam "Madurai, Indien"]
[BlackTeam "SF Olfen 1975"]

1. e4 c6 2. d4 d5 3. Nc3 dxe4 4. Nxe4 Bf5 5. Ng3 Bg6 6. h4 h5 7. Nf3 Nd7 8. Bd3
Bxd3 9. Qxd3 e6 10. Bd2 Qb6 11. O-O-O Ngf6 12. c4 c5 13. d5 Ng4 14. dxe6 fxe6
15. Ba5 Nge5 16. Nxe5 Nxe5 17. Qc3 Qa6 18. Qxe5 Qxc4+ 19. Kb1 b6 20. Bc3 Qg4
21. Rhe1 Rh6 22. Qc7 1-0

[Event "Kieler Open 2019-A"]
[Site "Kiel"]
[Date "2019.07.31"]
[Round "7.34"]
[White "Bücker, Timo"]
[Black "Quiring, Nikolai"]
[Result "1/2-1/2"]
[WhiteElo "1778"]
[BlackElo "2018"]
[Annotator "ER"]
[PlyCount "169"]
[EventDate "2019.??.??"]
[WhiteTeam "SC Schleispringer Kappeln"]
[BlackTeam "SV VHS Rendsburg"]

1. Nc3 d5 2. e4 e6 3. d4 Nf6 4. e5 Nfd7 5. f4 c5 6. Nf3 Nc6 7. Be3 Qb6 8. Qd2
cxd4 9. Nxd4 Nc5 10. Nxc6 bxc6 11. Na4 Qb7 12. Bxc5 Bxc5 13. Nxc5 Qxb2 14. Rd1
O-O 15. Be2 f6 16. O-O fxe5 17. fxe5 Rxf1+ 18. Rxf1 Qxe5 19. Bg4 d4 20. Qf2 Qe3
21. Qxe3 dxe3 22. Nxe6 Bd7 23. Bh3 Re8 24. Nd4 Bxh3 25. gxh3 c5 26. Nb3 c4 27.
Nd4 Rd8 28. c3 Rb8 29. Re1 Rb2 30. Re2 Rd2 31. Kf1 Rd3 32. Nc2 Rxc3 33. Nxe3
Rd3 34. Nxc4 Rxh3 35. Ne3 g6 36. Kg2 Rh5 37. Ng4 Ra5 38. Kf3 h5 39. Ne5 Kg7 40.
Ke4 Ra4+ 41. Kd5 g5 42. Nc4 Ra6 43. a3 Kf6 44. Kc5 Kf5 45. Kb5 Rh6 46. Re7 a6+
47. Ka5 h4 48. Nb6 g4 49. Re2 h3 50. Nd5 g3 51. Ne3+ Kf4 52. hxg3+ Kf3 53. Re1
h2 54. Nc4 {(=)} Kxg3 55. a4 Rf6 56. Rh1 Kg2 57. Rxh2+ Kxh2 58. Nb6 Kg3 59.
Kxa6 Kf4 60. a5 Ke5 61. Kb7 Kd6 62. Nc8+ Kc5 63. a6 Rf7+ 64. Kb8 Kc6 65. a7
Rb7+ 66. Ka8 Rb1 67. Ne7+ Kd7 68. Nd5 Kd6 69. Nb6 Kc6 70. Nc8 Kc7 71. Ne7 Kb6
72. Nc8+ Ka6 73. Nd6 Rb3 74. Ne8 Rb7 75. Nd6 Rxa7+ 76. Kb8 Rh7 77. Kc8 Kb6 78.
Kd8 Kc6 79. Ne8 Rd7+ 80. Kc8 Re7 81. Kd8 Rf7 82. Kc8 Rh7 83. Kd8 Ra7 84. Nf6
Rf7 85. Ne8 1/2-1/2

[Event "Kieler Open 2019-A"]
[Site "Kiel"]
[Date "2019.07.31"]
[Round "7.35"]
[White "Röhr, Susanne"]
[Black "Wendler, Werner"]
[Result "0-1"]
[WhiteElo "1677"]
[BlackElo "1954"]
[Annotator "ER"]
[PlyCount "50"]
[EventDate "2019.??.??"]
[WhiteTeam "Potsdamer SV Mitte"]
[BlackTeam "SK Bebenhausen"]

1. d4 d5 2. c4 e6 3. cxd5 exd5 4. Nc3 Nf6 5. Bg5 Nbd7 6. Nf3 Be7 7. e3 c6 8.
Bd3 h6 9. Bf4 Nh5 10. Ne5 Nxf4 11. exf4 Nxe5 12. fxe5 Qb6 13. Qe2 Qxd4 14.
O-O-O Qf4+ 15. Kb1 Bf5 16. b3 Bxd3+ 17. Rxd3 Qf5 18. Ka1 O-O-O 19. Rd4 Rhe8 20.
f4 h5 21. Ra4 Bc5 22. b4 Bb6 23. b5 d4 24. Ne4 cxb5 25. Nd6+ Rxd6 0-1

[Event "Kieler Open 2019-A"]
[Site "Kiel"]
[Date "2019.07.31"]
[Round "7.36"]
[White "Schützhold, Frank"]
[Black "Rosenburg, Thies"]
[Result "0-1"]
[WhiteElo "1860"]
[BlackElo "1778"]
[Annotator "ER"]
[PlyCount "126"]
[EventDate "2019.??.??"]
[WhiteTeam "SC Naunhof"]
[BlackTeam "SF Burg von 1966"]

1. b3 e5 2. Bb2 Nc6 3. c4 Nf6 4. e3 d5 5. cxd5 Nxd5 6. a3 Bd6 7. Qc2 Qg5 8. Nf3
Qg6 9. Qxg6 hxg6 10. Bb5 f6 11. d4 e4 12. Nfd2 f5 13. Nc4 a6 14. Nxd6+ cxd6 15.
Bxc6+ bxc6 16. Nc3 Be6 17. Nxd5 Bxd5 18. Rc1 Rb8 19. b4 Kd7 20. Kd2 a5 21. Bc3
a4 22. h4 Rh7 23. g3 Rbh8 24. Rhg1 Ke7 25. Kd1 Kf6 26. Be1 g5 27. hxg5+ Kxg5
28. Rc3 g6 29. Ke2 Kg4 30. Kd2 Rb8 31. Kc1 Rb6 32. Rc2 Be6 33. Kb2 Kg5 34. Kc1
Kf6 35. Kb2 Bb3 36. Rc3 Ke6 37. Bd2 Rh2 38. Be1 Bd1 39. Kc1 Be2 40. Kd2 Bf3 41.
Kc1 Kd5 42. Rc2 Rh8 43. Kd2 Rb5 44. Kc1 Rhb8 45. Rf1 c5 46. dxc5 dxc5 47. Rxc5+
Rxc5+ 48. bxc5 Kxc5 49. Bb4+ Kc4 50. Kc2 Kd5 51. Kd2 Ke6 52. Rc1 Rd8+ 53. Ke1
Rd3 54. Rc6+ Kf7 55. Rc7+ Kf6 56. Rc6+ Kg5 57. Rc1 Kg4 58. Kf1 Rb3 59. Re1 Rb2
60. Be7 Ra2 61. Bb4 Rc2 62. Be7 Rc7 63. Bb4 Rh7 0-1

[Event "Kieler Open 2019-A"]
[Site "Kiel"]
[Date "2019.07.31"]
[Round "7.37"]
[White "Grimm, Ling Leander"]
[Black "Bräutigam, Katerina"]
[Result "1-0"]
[WhiteElo "1691"]
[BlackElo "1837"]
[Annotator "ER"]
[PlyCount "43"]
[EventDate "2019.??.??"]
[WhiteTeam "SK Bebenhausen"]
[BlackTeam "SV VHS Rendsburg"]

1. e4 c6 2. d4 d5 3. Nc3 dxe4 4. Nxe4 Bf5 5. Ng3 Bg6 6. f4 e6 7. Nf3 Nd7 8. Bd3
Bxd3 9. Qxd3 Ngf6 10. f5 exf5 11. Nxf5 Qa5+ 12. Bd2 Qd5 13. O-O O-O-O 14. Rae1
Nb6 15. b3 g6 16. Ne3 Qe4 17. Qc3 Bh6 18. Ne5 Qxd4 19. Nxf7 Ne4 20. Qxd4 Rxd4
21. Bc1 Bxe3+ 22. Bxe3 1-0

[Event "Kieler Open 2019-A"]
[Site "Kiel"]
[Date "2019.07.31"]
[Round "7.38"]
[White "Tran, Minh Dat"]
[Black "Kollhoff, Josef"]
[Result "1-0"]
[WhiteElo "1559"]
[BlackElo "1833"]
[Annotator "ER"]
[PlyCount "111"]
[EventDate "2019.??.??"]
[WhiteTeam "SC Agon Neumünster"]
[BlackTeam "Kieler SG"]

1. c4 c6 2. d4 d5 3. Nc3 e6 4. Nf3 dxc4 5. e4 b5 6. g3 Nf6 7. Bg5 Nbd7 8. e5 h6
9. Bh4 g5 10. Nxg5 hxg5 11. Bxg5 Be7 12. exf6 Nxf6 13. Bg2 Qb6 14. Bxf6 Bxf6
15. Qf3 Ke7 16. Qxc6 Rb8 17. Qxb6 Rxb6 18. O-O-O Rd8 19. Rhe1 Kf8 20. d5 b4 21.
Na4 Ra6 22. b3 c3 23. dxe6 Rxd1+ 24. Rxd1 Bxe6 25. Bd5 Ra5 26. Bxe6 fxe6 27. f4
Ke7 28. Kc2 Rd5 29. Rxd5 exd5 30. Nc5 Bd4 31. Nd3 a5 32. h4 Kf6 33. g4 Be3 34.
Kd1 Bd4 35. Ke2 Kg7 36. Ne1 Kg6 37. Nc2 Bc5 38. Kf3 Be7 39. h5+ Kh6 40. Nd4 Bc5
41. Nf5+ Kh7 42. Ke2 d4 43. g5 c2 44. Kd2 d3 45. g6+ Kg8 46. h6 a4 47. h7+ Kh8
48. Nh6 Be3+ 49. Kxd3 c1=Q 50. Nf7+ Kg7 51. h8=Q+ Kxg6 52. Ne5+ Kf5 53. Qf8+
Ke6 54. Qf7+ Kd6 55. Qd7+ Kc5 56. Qc6# 1-0

[Event "Kieler Open 2019-A"]
[Site "Kiel"]
[Date "2019.07.31"]
[Round "7.39"]
[White "Schramm, Daniel"]
[Black "Salwasser, Christian"]
[Result "1-0"]
[WhiteElo "1837"]
[BlackElo "1697"]
[Annotator "ER"]
[PlyCount "101"]
[EventDate "2019.??.??"]
[WhiteTeam "Kieler SG"]
[BlackTeam "SC Rastatt"]

1. c4 c5 2. g3 e6 3. Bg2 d5 4. cxd5 exd5 5. d4 Nf6 6. Nf3 Nc6 7. O-O Be7 8. Nc3
cxd4 9. Nxd4 O-O 10. Bf4 Be6 11. a3 Nxd4 12. Qxd4 Qd7 13. Rfd1 Rfd8 14. Rac1 a6
15. Na4 Qb5 16. Nb6 Ra7 17. Nxd5 Bxd5 18. Bxd5 b6 19. e4 Rad7 20. Qc3 Nxd5 21.
exd5 Rxd5 22. Rxd5 Rxd5 23. Qc7 Rd7 24. Qc8+ Rd8 25. Qc7 Rd7 26. Qc6 Rd1+ 27.
Kg2 Qf1+ 28. Kf3 Qh1+ 29. Kg4 Rxc1 30. Qxc1 Qxc1 31. Bxc1 Bf6 32. Kf5 Kf8 33.
Ke4 Ke7 34. Kd5 Kd7 35. a4 g6 36. b3 Bc3 37. Be3 Kc7 38. h4 h5 39. Kc4 Be5 40.
b4 Kc6 41. b5+ axb5+ 42. axb5+ Kc7 43. Kd5 Bc3 44. Bf4+ Kd7 45. Be5 Bxe5 46.
Kxe5 Ke7 47. f3 f6+ 48. Kd5 Kd7 49. g4 f5 50. gxh5 gxh5 51. f4 1-0